=LDR 00000nam 2200000 4500 =001 INLIS000000000019497 =005 20130612114541 =008 ***********************************Ind** =035 ##$$0010-061300000019497 =041 ##$$a Ind =082 ##$$a 028.5 =090 ##$$a 028.5, War a =100 ##$$a Wardhana, Eka =245 ##$$a Abu Dzar Al-ghifari, Eka Wardhana =260 ##$$a 2004 $b Bandung =300 ##$$a 27 hlm, ilus, 15 cm =650 ##$$a Bacaan anak-anak =850 ##$$a NBPNMAT